Les films de François Ozon - Statistiques

Statistiques générales
  • Ce quiz a été pris 20 fois
  • Le résultat moyen est 12 sur 22
Statistiques - réponses
Hint Réponse % Correct
2001 Dans les années 1950, à la veille de Noël, c’est le matin et il neige abondamment. Gaby, la matriarche épouse de Marcel, rentre à la maison avec Suzon, sa fille aînée, qui fait ses études à Londres et est revenue le matin-même par le train pour les fêtes Huit femmes
84%
2023 En 1935, à Paris. Madeleine Verdier est une jeune et jolie actrice qui peine à obtenir des rôles et est, en conséquence, désargentée. Mon crime
84%
2022 Dans les années 1970 à Cologne, Peter von Kant est un réalisateur de cinéma d'une quarantaine d'années qui connaît un succès croissant. Ayant vécu une histoire d'amour difficile, il habite à présent avec son assistant Karl, qui lui est totalement dévoué alors qu’il le maltraite. Peter von Kant
84%
2020 Au début de l'été 1985, en Normandie, Alexis, ou Alex, alors âgé de seize ans, fait une sortie en mer. Son bateau chavire cependant à l'approche de l'orage, et il est secouru par David, un jeune homme de dix-huit ans. Une histoire d'amour tumultueuse débute entre les deux garçons. Eté 85
79%
2016 À Quedlinburg, en Allemagne, en 1919, Anna, une jeune femme allemande (Paula Beer) pleurant la mort de son fiancé, Frantz Hoffmeister, pendant la Première Guerre mondiale, laisse des fleurs sur sa tombe. Frantz
74%
2018 Alexandre Guérin habite la région lyonnaise. Cadre bancaire épanoui d'une quarantaine d'années, époux d'une femme aimante et père de cinq enfants, c'est un catholique pratiquant, tout comme sa famille Grâce à Dieu
68%
2010 1977. Dans la petite ville fictive de Sainte-Gudule, située dans le Nord, près de Saint-Amand-les-Eaux, l'usine de parapluies Pujol-Michonneau est dirigée par un patron réactionnaire et misogyne, monsieur Pujol qui a épousé la fille Michonneau, Suzanne Potiche
68%
2012 Claude, un élève brillant, doué et manipulateur du lycée Gustave Flaubert, à tendance pervers narcissique, provoque l'enthousiasme de son professeur de français à qui il fait part de ses écrits voyeuristes, qu'il rédige au détriment d'un camarade de classe. Dans la maison
58%
2003 Sarah Morton, autrice anglaise de romans policiers à succès, est en panne d'inspiration. Son éditeur, dont on comprend qu'il fut son amant, lui propose de séjourner dans une villa qu'il possède dans le Luberon pour y trouver une atmosphère propice à la poursuite de son travail. Swimming pool
53%
2000 En Allemagne, dans les années 1970, Léopold, un homme d'affaires de 50 ans, installe chez lui son amant de 19 ans, Gouttes d'eau sur pierres brûlantes
47%
2017 Chloé est une jeune femme très fragile et en pleine dépression. Elle entreprend alors une psychothérapie. Elle tombe rapidement amoureuse de son thérapeute, Paul, et ses sentiments sont partagés. L'Amant double
47%
2000 Marie, mariée à Jean depuis 25 ans et heureuse en ménage, enseigne la littérature anglaise dans une université de Paris. Pendant les vacances d'été du couple près de Lit-et-Mixe dans les Landes, Jean prend un bain de mer tandis que sa femme reste sur la plage, absorbée par la lecture d'un bouquin. Sous le sable
47%
2021 Emmanuèle est une romancière épanouie et accomplie, aussi bien dans sa vie privée que professionnelle. Un jour, elle est appelée en urgence : son père André, âgé de 85 ans, vient d'être hospitalisé après un accident vasculaire cérébral Tout s'est bien passé
47%
2014 Après la mort de Laura sa meilleure amie, Claire tombe en dépression. Un jour, elle découvre que David, le mari veuf de son amie et père d'un nourrisson, est en fait un travesti. Une nouvelle amie
47%
2009 Katie, une femme ordinaire élevant seule sa fille de sept ans Lisa et travaillant comme ouvrière sur une chaîne de montage dans une usine chimique, rencontre sur son lieu de travail Paco avec qui elle vit une histoire d'amour. Ricky
42%
1998 Dans une maison d'un quartier chic, une famille bourgeoise mène une vie sans histoires : le père ingénieur, la mère adepte des cours de gym et des séances de psychothérapie, la fille artiste et le fils studieux, étudiant en droit. Cette existence paisible et bien rangée est troublée par l'arrivée d'un rat blanc dont le père de famille fait un jour cadeau aux siens. Sitcom
42%
2007 À Noley en Angleterre en 1905, Angel Deverell est orpheline de père, fille unique d'une épicière, élevée dans la pauvreté. Elle va souvent contempler une opulente demeure de la région, Paradise, qui lui inspire des fantasmes échevelés Angel
37%
2013 Durant l'été, alors qu'elle est en vacances au bord de la mer, Isabelle fête ses 17 ans en famille, en présence aussi de la famille de Peter, un proche de ses parents, dont on apprendra plus tard qu'il est l'amant de sa mère Jeune et Jolie
37%
2010 Mousse et Louis sont jeunes, beaux et riches ; ils s'aiment. Cependant, la drogue a envahi toute leur vie. Un jour, c'est l'overdose et Louis meurt. Mousse, elle, survit, mais les médecins lui apprennent qu'elle est enceinte Le Refuge
37%
2004 Cinq moments clés de la vie d'un couple : le divorce, une soirée, la naissance de leur enfant, le mariage et la rencontre 5X2
32%
1999 Deux adolescents décident de commettre un meurtre et assassinent Saïd, un camarade de classe. Aussitôt fait, ils s'enfuient dans une forêt et y enterrent le cadavre. Là, ils font la rencontre de l'homme des bois. Les amants criminels
32%
2005 Romain, photographe homosexuel de 31 ans, découvre qu'il a un cancer généralisé. Il ne lui reste plus que trois mois à vivre.< Le temps qui reste
32%
Aucun quiz correspondant
Distribution des résultats
% des personnes avec chaque résultat
Percentile par nombre de réponses
Votre historique - résultats
Vous n’avez pas pris ce quiz